| 000 | 00437nam a2200157 i 4500 | ||
|---|---|---|---|
| 001 | 28636 | ||
| 003 | ES-MaACL | ||
| 005 | 20230906153912.0 | ||
| 007 | t| | ||
| 008 | 030117s1971 sp ||||1| spa d | ||
| 100 | 1 |
_aBalius Artau, Jaime. _924946 |
|
| 245 | 1 | 0 |
_aHay dinero en el champiñón / _cJaime Balius Artau. |
| 260 |
_aBarcelona : _bSintes, _c[1971] |
||
| 300 |
_a155 p. : _bil. ; _c18 cm. |
||
| 852 |
_aES-MaACL _jC-49170 _bR.80145 |
||
| 999 |
_c28636 _d28636 |
||